|
|
แสดงรายละเอียดบรรณานุกรม |
|
|
Brief Record
: Get Marc (ISO 2709)
: E-mail record
: |
|
|
| LEADER 00000nama 2200000uu 4500 | |||
| 008 040531s|||| th m m a000 0 tha d | |||
| 020 974-91529-2-1 | |||
| 041 tha | |||
| 050 รส ศ169ล 2546 | |||
| 100 ศราวก. | |||
| 245 โลกของหนูแหวน. | |||
| 250 พิมพ์ครั้งที่ 3. | |||
| 260 กรุงเทพฯ. มูลนิธิสถาบันวิชาการ 14 ตุลา. 2546. | |||
| 300 88หน้า. | |||
| 650 เรื่องสั้นไทย. | |||
| 995 003 | |||
| คุณยังไม่ได้ล็อกอิน คุณสามารถมีกิจกรรมร่วมกับเว็บไซต์ได้ แต่ต้องล็อกอินก่อน :: |
|
| สถานะ | |||||||||
| 1. | หนังสือทั่วไป | รส ศ169ล 2546 | On Shelf ขอยืม | ||||||
| [แสดง 1/1 รายการ] | |||||||||
| รายการใกล้เคียง หัวเรื่อง [เรื่องสั้นไทย.] |
BibComment |
| คอมเมนท์ทรัพยากรรายการนี้ |
|
|